The Class Struggles in France 1848 to 1850

Saved in:
Bibliographic Details
Format: Book
Language:English
Published: Moscow Foreign Languages Publishing House 1948
Tags: Add Tag
No Tags, Be the first to tag this record!

MARC

LEADER 00000nam a2200000 4500
001 0308364
005 20250430094739.1
041 0 |a eng 
044 |a RU 
245 1 0 |a The Class Struggles in France  |b 1848 to 1850  |c Karl Marx 
264 1 |a Moscow  |b Foreign Languages Publishing House  |c 1948